Аудит системы качества и сертификация: учебное пособие
| Hlavní autor: | |
|---|---|
| Korporativní autor: | |
| Další autoři: | |
| Shrnutí: | Заглавие с титульного экрана В пособии изложены методические и практические аспекты аудита систем качества. Рассмотрены современные представления о проведении сертификации в соответствии со стандартом ГОСТ Р 40.003-2008. Предназначено для студентов, обучающихся по специальности 220501 "Управление качеством в производственно-технологических системах направления 221400 "Управление качеством". Режим доступа: из корпоративной сети ТПУ |
| Jazyk: | ruština |
| Vydáno: |
Томск, Изд-во ТПУ, 2010
|
| Témata: | |
| On-line přístup: | http://www.lib.tpu.ru/fulltext2/m/2011/m143.pdf |
| Médium: | Elektronický zdroj Kniha |
| KOHA link: | https://koha.lib.tpu.ru/cgi-bin/koha/opac-detail.pl?biblionumber=194829 |
MARC
| LEADER | 00000nlm0a2200000 4500 | ||
|---|---|---|---|
| 001 | 194829 | ||
| 005 | 20231101224601.0 | ||
| 035 | |a (RuTPU)RU\TPU\book\212506 | ||
| 090 | |a 194829 | ||
| 100 | |a 20110425d2010 m y0rusy50 ca | ||
| 101 | 0 | |a rus | |
| 102 | |a RU | ||
| 105 | |a a j 001zy | ||
| 135 | |a drgn ---uucaa | ||
| 181 | 0 | |a i | |
| 182 | 0 | |a b | |
| 200 | 1 | |a Аудит системы качества и сертификация |b Электронный ресурс |e учебное пособие |f Л. А. Алексеев, М. Н. Янушевская |g Национальный исследовательский Томский политехнический университет (ТПУ) | |
| 203 | |a Текст |c электронный | ||
| 210 | |a Томск |c Изд-во ТПУ |d 2010 | ||
| 230 | |a 1 компьютерный файл (pdf; 835 KB) | ||
| 300 | |a Заглавие с титульного экрана | ||
| 330 | |a В пособии изложены методические и практические аспекты аудита систем качества. Рассмотрены современные представления о проведении сертификации в соответствии со стандартом ГОСТ Р 40.003-2008. Предназначено для студентов, обучающихся по специальности 220501 "Управление качеством в производственно-технологических системах направления 221400 "Управление качеством". | ||
| 333 | |a Режим доступа: из корпоративной сети ТПУ | ||
| 337 | |a Adobe Reader | ||
| 606 | 1 | |a Аудит |2 stltpush |3 (RuTPU)RU\TPU\subj\29811 |9 53071 | |
| 606 | 1 | |a Менеджмент систем качества |2 stltpush |3 (RuTPU)RU\TPU\subj\27902 |9 51563 | |
| 610 | 1 | |a электронный ресурс | |
| 610 | 1 | |a труды учёных ТПУ | |
| 610 | 1 | |a учебные пособия | |
| 610 | 1 | |a СМК | |
| 610 | 1 | |a система менеджмента качества | |
| 610 | 1 | |a сертификация | |
| 610 | 1 | |a сертификационный аудит | |
| 610 | 1 | |a управление качеством | |
| 610 | 1 | |a аудит | |
| 675 | |a 657.6(075.8) |v 3 | ||
| 675 | |a 658.562(075.8) |v 3 | ||
| 700 | 1 | |a Алексеев |b Л. А. |c специалист в области неразрушающего контроля |c доцент Томского политехнического университета, кандидат физико-математических наук |f 1946- |g Леонид Андреевич |2 stltpush |3 (RuTPU)RU\TPU\pers\28242 | |
| 701 | 1 | |a Янушевская |b М. Н. |c специалист в области неразрушающего контроля |c старший преподаватель Томского политехнического университета |f 1969- |g Марина Николаевна |2 stltpush |3 (RuTPU)RU\TPU\pers\28243 | |
| 712 | 0 | 2 | |a Национальный исследовательский Томский политехнический университет (ТПУ) |c (2009- ) |2 stltpush |3 (RuTPU)RU\TPU\col\15902 |
| 801 | 1 | |a RU |b 63413507 |c 20110425 | |
| 801 | 2 | |a RU |b 63413507 |c 20111223 |g RCR | |
| 856 | 4 | |u http://www.lib.tpu.ru/fulltext2/m/2011/m143.pdf | |
| 942 | |c CF | ||